Statistics for Top 15 Countries with Covid-19 Cases - 20 October 2021

Click here to take the quiz!

General Stats

  • This quiz has been taken 19 times
  • The average score is 15 of 27

Answer Stats

country% Correct
United States
95%
Italy
89%
Mexico
89%
United Kingdom
89%
France
84%
India
84%
Russia
84%
Germany
79%
Brazil
74%
Spain
74%
Argentina
68%
Indonesia
68%
Turkey
68%
Iran
58%
Colombia
53%
Netherlands
53%
Belgium
47%
Sweden
42%
Czechia
32%
Slovenia
32%
Israel
26%
Serbia
26%
Uruguay
26%
Bahrain
16%
Estonia
16%
Georgia
16%
Lithuania
16%

Score Distribution

Percentile by Number Answered

Percent of People with Each Score

Your Score History

You have not taken this quiz